000 00615nam a22002177a 4500
005 20170124110245.0
010 _a612404
020 _c00.00
035 _a612404
037 _bCen Lib/Ret
040 _aDPL
_bEN
082 _a230.34
_bKAN
100 _aKanwar Lal
_997049
245 _aThe religion of love /
_cby Kanwar Lal
260 _aDelhi
_bArts & Letters
_c1971
270 _bDelhi
_a57, Darya Ganj
_e110006
300 _avi,102p. :
_c28cm(Hb)
_bcol.ill.
650 _aKrishna (Hindu deity) -- Cult
_997050
650 _aRādhā (Hindu deity)
_997051
942 _2ddc
_cEN
_h230.34
_mKAN
999 _c135437
_d135437